| 000 | 00381nam a2200157Ia 4500 | ||
|---|---|---|---|
| 008 | 230524s9999 xx 000 0 und d | ||
| 082 |
_a4 _bDHA |
||
| 100 | _aS.K.Dhal | ||
| 245 | 0 | _aComputer Applications and Information Technology | |
| 250 | _a2ND | ||
| 260 |
_aBHUBANESWAR _bAlok _c2003 |
||
| 300 | _aXI;510 | ||
| 500 | _aQuantity Number: 2 | ||
| 650 | _aComp-Sc | ||
| 942 | _cBK | ||
| 999 |
_c5450 _d5450 |
||